000 00713nam a22002297a 4500
003 UA-OsUOA
001 40923
007 ta
008 20080703b un ||||| |||| 00| 0 ukr d
090 _a32(477)
_bН35
942 _cBK
040 _aUA-OsUOA
_bukr
_cUA-OsUOA
_dUA-OsUOA
245 _aНаціональні інтереси
_bЗ нагоди відкриття Регіонального філіалу Національного інституту стратегічних досліджень у м. Львові
300 _a183 с.
955 _a1
041 _aukr
080 _a32(477)
260 _aЛьвів
_c2004
246 3 1 _aВип. 11
650 7 _a32 Політика
_2UDC
999 _c439426
_d439426